00669 a2200133 4500003000500000005001700005040000900022082001500031100002900046245004200075260003100117300001200148505037500160NUST20221202175033.0 cNust a001.96,UPA aUpadhyaya, Ganga prasad  aSupertition /cGanga prasad Upadhyaya aAllahabadbJ.K.Shrmac1941 a147 p.: aOrigin And Growth (Page-1), Miracles (Page-9), Spirits- Malevolent And Benevolent (Page-23), Spiritualism In The Modern World (Page-49), The Fourth Dimension (Page-69), Mesmerism And Hypnotism (Page-81), Astrology (Page-91), Palmistry (Page-103), Phrenology (Page-107), Magic (Page-111), Alchemy (Page-119), Dreams (Page-125), Omens (Page-135), Miscellaneous (Page-139).